000 00434nam a2200157Ia 4500
005 20260417150916.0
008 260417s9999||||xx |||||||||||||| ||und||
020 _a9781139683456
041 _aeng
100 _aGiridhar/Sathyanarayana/Kumar/James/Alam
245 0 _aPopulation ageing in India
260 _bCambridge, Cambridge,
_c2014
650 _aMedia & Communication
856 _u10.1017/CBO9781139683456
942 _cE-BOOK
999 _c50650
_d50650